| 000 | 00398nam a22001217a 4500 | ||
|---|---|---|---|
| 082 | _aPRO 220 | ||
| 100 |
_aNS Hamza Ali Khan NS Adil Hanif NS Haris Ashfaq NS Sohail Rashid _970857 |
||
| 245 | _aPR-SOF-1547-Blind's Eye | ||
| 260 |
_aISLAMABAD _bNUST COLLEGE OF EME _c2016 |
||
| 650 |
_aDE-COMP-34 _970858 |
||
| 700 |
_aSUPERVISOR DR. USMAN AKRAM Assist. Prof. SAJID GUL KHAWAJA _970859 |
||
| 942 | _cCR | ||
| 999 |
_c577688 _d577688 |
||